000 00239nam a2200109Ia 4500
005 20251222114400.0
008 251222s1900||||xx |||||||||||||| ||spa||
082 _aDVD0070 F36/1954
245 0 _aLa Strada
264 _bFilmauro
942 _cDVD
999 _c1603
_d1603